000
00270pab a2200109 454500
008
180718b xxu||||| |||| 00| 0 eng d
100
_a
Majumdar, Udayan
245
_a
Regenerating India's cities
650
_a
Cities and Towns - Growth - India
773
_a
Manisha
909
_a
651
999
_c
651
_d
651